| 000 | 00574nam a2200169 4500 | ||
|---|---|---|---|
| 999 |
_c12543 _d12543 |
||
| 008 | 240216b ||||| |||| 00| 0 eng d | ||
| 040 | _aBMS College of Architecture | ||
| 100 | _aParmar K Aesha | ||
| 245 | _a|g:RE:y a:RE:a|/revive,revitalise,Recycle.Derelict mills of mumbai,case of poddar mills | ||
| 300 | _a89p. | ||
| 500 | _a1CF19AT004 | ||
| 502 |
_8B,Arch _NBMS College of Architecture, Visvesvaraya Technological University (VTU) _aProject report _d2023 |
||
| 650 | _amills | ||
| 700 |
_aDakshayini R Patil _eGuide |
||
| 710 | _aSubodh Khandekar | ||
| 942 | _2ddc | ||